Geografía de la población

Salvato in:
Dettagli Bibliografici
Autore principale: Trewartha, Glenn T (Autore)
Natura: Libro
Lingua:spagnolo
Pubblicazione: Buenos Aires Marymar 1973
Soggetti:
Tags: Aggiungi Tag
Nessun Tag, puoi essere il primo ad aggiungerne!!

MARC

LEADER 00000nam a2200000 a 4500
001 UCU2622
003 CL-VaPUC
008 960426e19730000AG |||||||||||||||||spa|d
082 0 4 |a 304.6  |b TRE  |2 21 
100 0 |a Trewartha, Glenn T  |e author  |9 358928 
245 1 0 |a Geografía de la población 
300 |a 208 p 
942 |c BK 
945 |d 19960426 00:00:00  |a paguirre 
260 |a Buenos Aires  |b Marymar  |c 1973 
650 0 |a Geografía  |9 259346 
650 0 |a Geografía humana  |9 267193 
650 0 |a Demografía   |9 260008 
650 0 |a Población  |9 257577 
650 0 |a Historia  |9 255047 
650 7 |a DENSIDAD DE POBLACION  |2 CL-VaPUC  |9 358929 
583 |a last modification  |c 19960426 00:00:00  |k Rodrigo Vera 
999 |c 246866  |d 246864 
952 |0 0  |1 0  |4 0  |6 304_600000000000000_TRE_1973  |7 0  |8 A  |9 262196  |a BIBING  |b BIBING  |d 2019-11-19  |i 2018411  |o 304.6 TRE 1973  |p 2018411  |r 2025-01-20  |w 2019-11-19  |y BK  |k GEO 
952 |0 0  |1 0  |4 0  |6 304_600000000000000_TRE_1973  |7 0  |8 A  |9 262197  |a BIBING  |b BIBING  |d 2019-11-19  |i 2018497  |o 304.6 TRE 1973  |p 2018497  |r 2025-01-20  |w 2019-11-19  |y BK  |k GEO 
952 |0 0  |1 0  |4 0  |6 304_600000000000000_TRE_1973  |7 0  |8 A  |9 262198  |a BIBHIS  |b BIBHIS  |d 2019-11-19  |i 1365371  |o 304.6 TRE 1973  |p 1365371  |r 2025-01-20  |w 2019-11-19  |y BK  |k HIS 
952 |0 0  |1 0  |4 0  |6 304_600000000000000_TRE_1973  |7 0  |8 A  |9 262199  |a BIBGIM  |b BIBGIM  |d 2019-11-19  |i 3604187  |o 304.6 TRE 1973  |p 3604187  |r 2025-01-15  |w 2019-11-19  |y BK  |k ORI